000 01760nam0a2200325 4500
001 RU\NLR\bibl\132270
005 20260407021802.0
021 _aRU
_b98-25037
_91191
035 _a(NLR Aleph) 000129560
090 _a739620
_c739620
100 _a20010206d1998 |||y0rusy50 ca
101 0 _arus
102 _aRU
105 _aa |||||||||
200 1 _aНейронные сети и модели
_dNeural networks and models
_eТр. Междунар. науч.-техн. конф. "Нейрон., релятор. и непрерывнологич. сети и модели", 19-21 мая 1998 г.
_f[Редкол.: Волгин Л.И. (науч. ред.) и др.]
_zeng
210 _aУльяновск
_cУлГТУ
_d1998
215 _a[1],107,[1] с.
_cил.
_d20
300 _aВ надзаг.: Междунар. акад. информатизации, М-во общ. и проф. образования Рос. Федерации, Науч. уентр нейрокомпьютеров РАН, Ульян. гос. техн. ун-т
300 _aНа тит.л.: Т. 1
320 _aБиблиогр. в конце ст.
510 0 _aNeural networks and models
_zeng
702 1 _4340
_7ca
_8rus
_aВолгин
_bЛ. И.
_f1932-
_gЛеонид Иванович
_933258
_3RU\NLR\auth\7750323
711 1 2 _a"Нейронные, реляторные и непрерывнологические сети и модели", международная научно-техническая конференция
_eУльяновск
_f1998
_9511155
_3RU\NLR\AUTH\8810006816
801 0 _aRU
_bNLR
_c20010206
_gPSBO
801 1 _aRU
_bNLR
_c20010206
830 _aРед. по кн.
852 _aNLR
_j2000-3/17722
942 _cBOOK
980 _aNB